Online
Catalog

Catálogo de víctimas de la dictadura de Trujillo en los Fondos del Archivo General de la Nación / (Record no. 49397)

MARC details
000 -CABECERA
campo de control de longitud fija 02048nam a2200349 i 4500
003 - IDENTIFICADOR DEL NÚMERO DE CONTROL
campo de control DO-SdBNP
005 - FECHA Y HORA DE LA ÚLTIMA TRANSACCIÓN
campo de control 20260319135033.0
007 - CAMPO FIJO DE DESCRIPCIÓN FÍSICA--INFORMACIÓN GENERAL
campo de control de longitud fija ta
008 - DATOS DE LONGITUD FIJA--INFORMACIÓN GENERAL
campo de control de longitud fija 100211s2020 dr a 001 0 spa d
020 ## - NÚMERO INTERNACIONAL ESTÁNDAR DEL LIBRO
Número Internacional Estándar del Libro 9789945613551
040 ## - FUENTE DE LA CATALOGACIÓN
Centro catalogador/agencia de origen DO-SdBNP
Lengua de catalogación spa
Centro/agencia transcriptor BNPHU
Normas de descripción rda
041 ## - CÓDIGO DE LENGUA
Código de lengua del texto/banda sonora o título independiente spa
049 ## - FONDOS LOCALES (OCLC)
Fondos de biblioteca
082 #4 - NÚMERO DE LA CLASIFICACIÓN DECIMAL DEWEY
Número de clasificación 972.93053
Número de documento/Ítem C357v
Número de edición 22
245 00 - MENCIÓN DE TÍTULO
Título Catálogo de víctimas de la dictadura de Trujillo en los Fondos del Archivo General de la Nación /
Mención de responsabilidad, etc. coordinación, Ana Féliz ; selección de documentos, Bety Almonte, Pedro de León y Willery Domínguez
264 #4 - PRODUCCIÓN, PUBLICACIÓN, DISTRIBUCIÓN, FABRICACIÓN Y COPYRIGHT
Producción, publicación, distribución, fabricación y copyright Santo Domingo, República Dominicana :
Nombre del de productor, editor, distribuidor, fabricante Archivo General de la Nación,
Fecha de producción, publicación, distribución, fabricación o copyright ©2022.
300 ## - DESCRIPCIÓN FÍSICA
Extensión 304 páginas :
Otras características físicas ilustraciones, retratos ;
Dimensiones 26 cm.
336 ## - TIPO DE CONTENIDO
Término de tipo de contenido texto
Código de tipo de contenido txt
Fuente rdacontent
337 ## - TIPO DE MEDIO
Nombre/término del tipo de medio sin mediación
Código del tipo de medio n
Fuente rdamedia
338 ## - TIPO DE SOPORTE
Nombre/término del tipo de soporte volumen
Código del tipo de soporte nc
Fuente rdacarrier
490 0# - MENCIÓN DE SERIE
Mención de serie Archivo General de la Nación ;
Designación de volumen o secuencia 385
500 ## - NOTA GENERAL
Nota general Incluye referencias bibliográficas y notas al pie de las páginas.
500 ## - NOTA GENERAL
Nota general Incluye Índice onomástico
505 ## - NOTA DE CONTENIDO CON FORMATO
Nota de contenido con formato Introducción -- Apresados, torturados y condenados por motivos políticos -- Personas acecinadas y desaparecidas -- Expropiación de bienes por el dictador y familiares -- Personas perseguidas, asiladas, deportadas, repatriadas y exiliadas -- Desafectos del régimen -- Memoria gráfica -- Las manifestaciones de exiliados dominicanos -- Juicio a expedicionarios de junio -- Cárcel La 40 -- Servicio de Inteligencia Militar (SIM) -- Adversarios políticos del régimen -- Panfleteros de Santiago -- Masacre de Palma Sola -- Torturados -- Expediciones de 1947, 1949 y 1959 -- Índice onomástico.
590 ## - NOTA LOCAL (RLIN)
Nota local Inventariado, 2021/VM
650 #4 - PUNTO DE ACCESO ADICIONAL DE MATERIA--TÉRMINO DE MATERIA
Término de materia o nombre geográfico como elemento de entrada Delitos políticos
Subdivisión general Historia
Subdivisión de forma Fuentes
Subdivisión cronológica Era de Trujillo, 1930-1961
Subdivisión geográfica República Dominicana
9 (RLIN) 1375
651 #4 - PUNTO DE ACCESO ADICIONAL DE MATERIA--NOMBRE GEOGRÁFICO
Nombre geográfico República Dominicana
Subdivisión general Política y gobierno
-- Historia
Subdivisión cronológica Era de Trujillo, 1930-1961
Subdivisión general Fuentes
Subdivisión de forma Catálogos
9 (RLIN) 78354
651 #4 - PUNTO DE ACCESO ADICIONAL DE MATERIA--NOMBRE GEOGRÁFICO
Nombre geográfico Impunidad
9 (RLIN) 77821
700 1# - PUNTO DE ACCESO ADICIONAL--NOMBRE DE PERSONA
Nombre de persona Félix, Ana ,
Término indicativo de función/relación coordinador
Código de función/relación coord.
9 (RLIN) 77820
910 ## - DATOS DE OPCIÓN DEL USUARIO (OCLC)
Datos de opción del usuario VMateo
942 ## - ELEMENTOS DE PUNTO DE ACCESO ADICIONAL (KOHA)
Fuente del sistema de clasificación o colocación Dewey Decimal Classification
Tipo de ítem Koha Libro
Holdings
Estado de retiro Estado de pérdida Fuente del sistema de clasificación o colocación Restricciones de uso No para préstamo Código de colección Localización permanente Ubicación/localización actual Ubicación en estantería Fecha de adquisición Fuente de adquisición Total de préstamos Signatura topográfica completa Código de barras Fecha visto por última vez Precio válido a partir de Tipo de ítem Koha Número de copia
    Dewey Decimal Classification Excluido de préstamo   Patrimonio Dominicano Biblioteca Nacional Pedro Henríquez Ureña Biblioteca Nacional Pedro Henríquez Ureña Depósito 17.02.2021 Donación por el Archivo General de la Nación   BNPHU PD 364.1523 C357v 2021-0251 17.02.2021 17.02.2021 Libro  
    Dewey Decimal Classification Excluido de préstamo   Patrimonio Dominicano Biblioteca Nacional Pedro Henríquez Ureña Biblioteca Nacional Pedro Henríquez Ureña Depósito 13.01.2026 Donado por Tenas Reyes   BNPHU PD 972.93053 C357v 2026-0024 13.01.2026 13.01.2026 Libro e.2

Powered by Koha